|
|
|
|
| LEADER |
01464nam a2200301 a 4500 |
| 001 |
14213766 |
| 008 |
101010m20092007maua 001 0 eng d |
| 010 |
|
|
|a 2005037870
|
| 020 |
|
|
|a 9788131715857
|
| 020 |
|
|
|a 0321412699 (pbk.)
|
| 040 |
|
|
|a DLC
|c DLC
|d DLC
|d BD-DhAAL
|
| 082 |
0 |
0 |
|a 005.133
|2 22
|
| 999 |
|
|
|c 9703
|d 9703
|
| 999 |
|
|
|c 9703
|
| 100 |
1 |
|
|a Savitch, Walter J.,
|d 1943-
|9 16627
|
| 245 |
1 |
0 |
|a Problem solving with C++ /
|c Walter Savitch.
|
| 250 |
|
|
|a 6th ed.
|
| 260 |
|
|
|a Boston ;
|a New Delhi :
|b Pearson/Addison Wesley,
|c c2007 [impression 2009].
|
| 300 |
|
|
|a xxxi, 1019 p. :
|b ill. ;
|c 23 cm. +
|e 1 CD-ROM (4 3/4 in.)
|
| 504 |
|
|
|a Includes index.
|
| 541 |
1 |
|
|e 00021185
|
| 650 |
|
0 |
|a C++ (Computer program language)
|9 16628
|
| 852 |
4 |
|
|a Ayesha Abed Library
|j General Shelf.
|
| 942 |
0 |
0 |
|0 1
|2 ddc
|c BK
|
| 952 |
|
|
|0 0
|1 0
|2 ddc
|4 0
|6 005_133000000000000_SAV
|7 0
|9 12339
|a BRACUL
|b BRACUL
|c GEN
|d 2010-10-10
|l 6
|m 101
|o 005.133 SAV
|p 3010021185
|r 2024-06-03
|s 2024-02-04
|t 1
|w 2010-10-10
|y BK
|
| 952 |
|
|
|0 0
|1 0
|2 ddc
|4 0
|6 005_133000000000000_SAV
|7 0
|9 12344
|a BRACUL
|b BRACUL
|c GEN
|d 2010-10-10
|l 7
|m 37
|o 005.133 SAV
|p 3010021186
|r 2023-09-04
|s 2023-07-16
|t 2
|w 2010-10-10
|y BK
|
| 952 |
|
|
|0 0
|1 0
|2 ddc
|4 0
|6 005_133000000000000_SAV
|7 0
|9 12345
|a BRACUL
|b BRACUL
|c AV
|d 2010-10-10
|l 0
|o 005.133 SAV
|p 4010021185
|r 2010-10-10
|t 1
|w 2010-10-10
|y AV
|
| 952 |
|
|
|0 0
|1 0
|2 ddc
|4 0
|6 005_133000000000000_SAV
|7 0
|9 12346
|a BRACUL
|b BRACUL
|c GEN
|d 2010-10-10
|l 1
|o 005.133 SAV
|p 4010021186
|r 2012-03-29
|s 2012-03-25
|t 2
|w 2010-10-10
|y AV
|